African Charter on Human and Peoples' Rights (Record no. 847)

MARC details
000 -LEADER
fixed length control field 00398nam a22001457a 4500
005 - DATE AND TIME OF INPUT
control field 20231121134129.0
008 - DATA ELEMENTS--GENERAL INFORMATION
fixed length control field 231121b |||||||| |||| 00| 0 eng d
041 ## - LANGUAGE CODE
Language code of text French
082 ## - SHELF NUMBER
DDC number 342.8 AFR
100 ## - MAIN AUTHOR
Language of a work English
245 ## - TITLE STATEMENT
Title African Charter on Human and Peoples' Rights
300 ## - PHYSICAL DESCRIPTION
Other physical details 28 pages ;
Dimensions 22 cm.
650 ## - SUBJECT`
Broad subject Legal practice
Own subject terms Law
942 ## - ADDED ENTRY ELEMENTS (KOHA)
Item type Books
942 ## - ADDED ENTRY ELEMENTS (KOHA)
-- ALISON_BN_VRIES
Holdings
Source of classification or shelving scheme Not for loan Collection code Home library Current library Shelving location Date acquired Full call number Barcode Price effective from Koha item type
Dewey Decimal Classification   TEXT BOOKS LAW SOCIETY OF NAMIBIA LIBRARY - WINDHOEK LAW SOCIETY OF NAMIBIA LIBRARY - WINDHOEK General Shelf 11/21/2023 342.8 AFR LSN/2010/27 11/21/2023 Books